Historic farm buildings (Record no. 110044)

MARC details
000 -LEADER
fixed length control field 01968cad a22002895a 4500
001 - CONTROL NUMBER
control field L148422
008 - FIXED-LENGTH DATA ELEMENTS--GENERAL INFORMATION
fixed length control field 090916s2009 xxkbo f f000 0 eng d
035 ## - SYSTEM CONTROL NUMBER
System control number (Sirsi) u148422
041 0# - LANGUAGE CODE
Language code of text/sound track or separate title eng
050 04 - LIBRARY OF CONGRESS CALL NUMBER
Classification number 690.867 $2 18
110 2# - MAIN ENTRY--CORPORATE NAME
Corporate name or jurisdiction name as entry element Countryside and Community Research Institute
9 (RLIN) 5793
245 00 - TITLE STATEMENT
Title Historic farm buildings
Remainder of title
Medium [electronic resource]
260 ## - PUBLICATION, DISTRIBUTION, ETC.
Place of publication, distribution, etc. London
Name of publisher, distributor, etc. English Heritage
Date of publication, distribution, etc. 2009
505 2# - FORMATTED CONTENTS NOTE
Formatted contents note Introduction -- Mapping farmstead character -- Disrepair: evidence from the historic Farm building photo survey -- The adaptive re-use of historic farm buildings -- Conclusions and recommendations -- Key sources
520 ## - SUMMARY, ETC.
Summary, etc. Presents findings of research on how data about traditional farm buildings can be collected and analysed at different spatial scales. Provides information on the size, character and condition of the stock of historic farm buildings, their relationship to the landscape as well as their re-use as domestic accommodations and business places. Recommends: an integrated management of data collected by the three research projects; the extension to the entire nation of the Farmstead and Landscape Project; the production of character statements for all national character areas; the improvement of the data found on the re-use of traditional farm buildings using the methods applied by the Historic Farm Building Photo Survey and the "Historic Farmsteads: Current Role and Context" project.
521 ## - TARGET AUDIENCE NOTE
Target audience note Advanced
590 ## - LOCAL NOTE (RLIN)
Local note KA
651 #4 - SUBJECT ADDED ENTRY--GEOGRAPHIC NAME
Geographic name England and Wales
Chronological subdivision 1543-
690 ## - LOCAL SUBJECT ADDED ENTRY--TOPICAL TERM (OCLC, RLIN)
Topical term or geographic name as entry element BUILT ENVIRONMENT-BUILDING TYPES-ANCIENT MONUMENTS AND HISTORIC BUILDINGS
700 1# - ADDED ENTRY--PERSONAL NAME
Personal name Gaskell, Peter
700 1# - ADDED ENTRY--PERSONAL NAME
Personal name Edwards, Bob
700 1# - ADDED ENTRY--PERSONAL NAME
Personal name Bibby, Peter
710 1# - ADDED ENTRY--CORPORATE NAME
Corporate name or jurisdiction name as entry element Forum Heritage Services
710 1# - ADDED ENTRY--CORPORATE NAME
Corporate name or jurisdiction name as entry element University of Sheffield
Subordinate unit Department of Town and Regional Planning
9 (RLIN) 4938
856 40 - ELECTRONIC LOCATION AND ACCESS
Uniform Resource Identifier <a href="https://www.info4local.gov.uk/documents/publications/1333948">https://www.info4local.gov.uk/documents/publications/1333948</a>
Public note View the item free of charge at www.info4local.gov.uk...
942 ## - ADDED ENTRY ELEMENTS (KOHA)
Suppress in OPAC 0
Holdings
Withdrawn status Lost status Source of classification or shelving scheme Damaged status Not for loan Home library Current library Shelving location Date acquired Total Checkouts Full call number Barcode Date last seen Copy number Price effective from Koha item type
    Dewey Decimal Classification     Virtual Virtual Online 16/09/2009   ONLINE PUBLICATION 148422-2001 06/08/2019 1 06/08/2019 Book